000 00590nam a22002057a 4500
999 _c15005
_d15005
003 AR-CdUCM
008 190425b ||||| |||| 00| 0 spa d
020 _a978-84-683-0362-8
040 _aMUNICIPALIDAD PROVINCIAL DEL CUSCO
_cBIBLIOTECA MUNICIPAL DEL CUSCO
082 _aPI / 376.12 /
_bG25
100 _aMartin, Kelly
_934003
245 _aMariquita /
260 _aBarcelona :
_bEdebe,
_c2014.
300 _bIlustraciones,
_c13 cm.
440 _aBichitos
_934004
650 _aTexto infantil
_929090
650 _aCuento
_94671
942 _2ddc
_cLIBROS
945 _arjall
_d2019-04-25